Statistics for Most famous Gods of the Greek Myths

Click here to take the quiz!

General Stats

  • This quiz has been taken 1,696 times
  • The average score is 9 of 12

Answer Stats

HintAnswer% Correct
1Zeus
99%
2Hera
88%
8Poseidon
87%
9Athena
85%
5Aphrodite
81%
10Apollo
81%
3Ares
76%
6Hermes
75%
11Artemis
73%
7Demeter
60%
12Dionysus
55%
4Hephaestus
52%

Score Distribution

Percentile by Number Answered

Percent of People with Each Score

Your Score History

You have not taken this quiz